书目信息 |
| 题名: |
春晚30年
|
|
| 作者: | ;刘文 主编 ;中央电视台纪录频道 主编 | |
| 分册: | ||
| 出版信息: | 上海 上海科学技术文献出版社 2013.01 |
|
| 页数: | 283页 | |
| 开本: | 25cm | |
| 丛书名: | ||
| 单 册: | ||
| 中图分类: | J952 | |
| 科图分类: | ||
| 主题词: | 电视纪录片--介绍--中国 , 电视纪录片 | |
| 电子资源: | ||
| ISBN: | 978-7-5439-5726-8 | |
| 000 | 00925nam0 2200277 450 | |
| 001 | 012013009438 | |
| 005 | 20140610112321.43 | |
| 010 | @a978-7-5439-5726-8@dCNY68.00(含光盘) | |
| 100 | @a20130123d2013 em y0chiy50 ea | |
| 101 | 0 | @achi |
| 102 | @aCN@b310000 | |
| 105 | @aa z 000yy | |
| 106 | @ar | |
| 200 | 1 | @a春晚30年@9chun wan 30 nian@e1983-2012@f中央电视台纪录频道主编@g刘文主编 |
| 210 | @a上海@c上海科学技术文献出版社@d2013.01 | |
| 215 | @a283页@c照片@d25cm@e1光盘 | |
| 300 | @aCCTV9纪录 | |
| 307 | @a附光盘:ISBN 978-7-88418-073-8 | |
| 330 | @a本书内容包括:相约三十年;回家过大年;共同的追求;我要上春晚;永远的春晚;春晚访谈等。 | |
| 606 | 0 | @a电视纪录片@x介绍@y中国 |
| 606 | 0 | @a电视纪录片 |
| 690 | @aJ952@v5 | |
| 702 | 0 | @a刘文@9liu wen@4主编 |
| 711 | 02 | @a中央电视台纪录频道@9zhong yang dian shi tai ji lu pin dao@4主编 |
| 801 | 0 | @aCN@b人天书店@c20130123 |
| 905 | @b846655-57@dJ952@e283@f3 | |
| 春晚30年:1983-2012/中央电视台纪录频道主编/刘文主编.-上海:上海科学技术文献出版社,2013.01 |
| 283页:照片;25cm+1光盘 |
| CCTV9纪录 |
| ISBN 978-7-5439-5726-8:CNY68.00(含光盘) |
| 本书内容包括:相约三十年;回家过大年;共同的追求;我要上春晚;永远的春晚;春晚访谈等。 |
| ● |
| 相关链接 |
|
|
|
|
正题名:春晚30年
索取号:J952/283
 
预约/预借
| 序号 | 登录号 | 条形码 | 馆藏地/架位号 | 状态 | 备注 |
| 1 | 846655 | 208466550 | 第一样本阅览室/ [索取号:J952/283] | 在馆 | |
| 2 | 846656 | 208466569 | 第一借阅区/ [索取号:J952/283] | 在馆 | |
| 3 | 846657 | 208466578 | 第一借阅区/ [索取号:J952/283] | 在馆 |